The Reflective Teacher (Record no. 3535)
[ view plain ]
| 000 -LEADER | |
|---|---|
| fixed length control field | 00215nam a22000857a 4500 |
| 008 - FIXED-LENGTH DATA ELEMENTS--GENERAL INFORMATION | |
| fixed length control field | 161017b xxu||||| |||| 00| 0 eng d |
| 100 ## - MAIN ENTRY--PERSONAL NAME | |
| 9 (RLIN) | 883 |
| Personal name | Sharma.S. |
| 245 ## - TITLE STATEMENT | |
| Title | The Reflective Teacher |
| 260 ## - PUBLICATION, DISTRIBUTION, ETC. (IMPRINT) | |
| Place of publication, distribution, etc. | New Delhi |
| Name of publisher, distributor, etc. | NCERT |
| Date of publication, distribution, etc. | 2007 |
No items available.